| 000 | 00395nam a22001457a 4500 | ||
|---|---|---|---|
| 999 |
_c15623 _d15623 |
||
| 003 | OSt | ||
| 008 | 190517b ||||| |||| 00| 0 eng d | ||
| 020 | _a9789351246183 | ||
| 082 | _a526.982 | ||
| 100 |
_aPrasad,N V _94079 |
||
| 245 | _aGeoinformation : photogrammetry, remote sensing, GIS and GPS Vol.3 | ||
| 260 |
_aNew Delhi _bDaya Publishing House _c2015 |
||
| 300 | _a600-933 p. | ||
| 942 | _cBK | ||